| 000 | 00384nam a2200133Ia 4500 | ||
|---|---|---|---|
| 008 | 220803s9999 xx 000 0 und d | ||
| 020 | _a9789391558369 | ||
| 041 | _aeng | ||
| 082 | _a891.8SAH | ||
| 100 |
_aSahastrabuddhe J _930254 |
||
| 245 | _aBharatiy Swatatrya Sangram Ani Vidnyan .-9789391558369 | ||
| 260 |
_b"Bharatiya Vichar Sadhana Prakashan Pune, Pune" _c2021 |
||
| 300 | _a40p | ||
| 999 |
_c19075 _d19075 |
||